000 00402nam a22001577a 4500
003 OSt
005 20260325104345.0
008 260325b |||||||| |||| 00| 0 eng d
020 _a9788123913605
040 _cIIMT UNIVERSITY MEERUT
100 _a: Jarald E.E.
245 _aColour Atlas of Medicinal Plants
260 _aNEW DELHI
_bCBS Publishers & Distributors
300 _a272
942 _2ddc
_c01
999 _c67596
_d67596